Towards a Migration Letters Index: The most Influential Works and Authors in Migration Studies

Aktualizovaný prehľad rebríčkov najvýznamnejších diel a autorov migračných štúdií z obdobia 2011-2016. Kategorizácia samostatne pre knihy a správy, články a kapitoly kníh a pre autorov týchto prác.

Gespeichert in:
Bibliographische Detailangaben
1. Verfasser: Sirkeci, Ibrahim
Weitere Verfasser: Cohen, Jeffrey H., Přívara, Andrej, 1983-
Format: Buchkapitel
Sprache:Englisch
Schlagworte:
Tags: Tag hinzufügen
Keine Tags, Fügen Sie das erste Tag hinzu!

MARC

LEADER 00000nla a2200000 4500
001 0236513
005 20240502083632.1
041 0 |a eng 
044 |a GB 
245 1 0 |a Towards a Migration Letters Index: The most Influential Works and Authors in Migration Studies  |c Ibrahim Sirkeci, Jeffrey H. Cohen, Andrej Přívara 
520 |a Aktualizovaný prehľad rebríčkov najvýznamnejších diel a autorov migračných štúdií z obdobia 2011-2016. Kategorizácia samostatne pre knihy a správy, články a kapitoly kníh a pre autorov týchto prác. 
610 2 0 |a migrácia 
610 2 0 |a pohyb obyvateľstva 
610 2 0 |a utečenci 
610 2 0 |a štúdie 
610 2 0 |a meranie 
610 2 0 |a rating 
610 2 0 |a porovnanie štatistické 
610 2 0 |a literatúra 
610 2 0 |a citácie bibliografické 
610 2 0 |a experti 
610 2 0 |a knihy 
610 2 0 |a články 
100 1 |a Sirkeci, Ibrahim 
700 1 |a Cohen, Jeffrey H. 
700 1 |a Přívara, Andrej, 1983-